000
00302nam a22001337a 4500
020
_q
HB.
040
_c
FIZZA ISHAQ
082
_a
551.5
_b
DIN
100
_a
YIHUI,DING.
_9
90702
245
_a
MONSOONS OVER CHINA /
_c
DING YIHUI.
260
_a
CRC PRESS ;
_c
1994.
300
_a
419 P. ;
942
_2
ddc
_c
BK
999
_c
588912
_d
588912